000 00506 a2200169 4500
003 OSt
005 20231121140901.0
008 231121b |||||||| |||| 00| 0 eng d
020 _a9788191016567
040 _coclc
082 _a574.192
_bRAJ/B
100 _aRajan, S
_99910
245 _aBiochemistry An Exam Companion /
_cDr. S Rajan, Mrs. R Selvichristy
260 _aChennai:
_bAnjanaa book house,
_c2017.
300 _a234p
942 _2ddc
_cBK
_h574.192
_iRAJ/B
_k574.192
_mRAJ/B
999 _c43671
_d43671